000 00392nam a2200169Ia 4500
001 11985
003 IN-NITTTR
005 20251114233112.0
008 251113s9999||||xx |||||||||||||| ||eng||
040 _beng
040 _cIN-NITTTR
041 _aeng
082 _a021.2 D85I
100 _aSoulier, J. Steven
245 0 _aReal objects and models /
_cSoulier, J. Steven
942 _2ddc
_cBK
999 _c14621
_d14621